[Event "Madrid-ch Previa B"]
[Site "Madrid ESP"]
[Date "2014.02.07"]
[Round "2.4"]
[White "Mosteiro Montoro, Alvaro"]
[Black "Munoz Cebey, Ricardo"]
[Result "0-1"]
[WhiteElo "1654"]
[BlackElo "1878"]
[PlyCount "128"]
[EventDate "2014.02.06"]
[EventType "swiss"]
[EventRounds "9"]
[EventCountry "ESP"]
[Source "lmi"]
[SourceDate "2014.02.06"]

1. d4 d5 2. c4 dxc4 3. Nc3 a6 4. a4 Nc6 5. e3 Na5 6. Be2 Nf6 7. e4 Nb3 8. Rb1
Nxd4 9. Bxc4 Be6 10. Bxe6 Nxe6 11. Qxd8+ Rxd8 12. Nge2 Nc5 13. Ng3 Nd3+ 14. Ke2
Nxc1+ 15. Rhxc1 e6 16. Rd1 Bd6 17. Nf1 Ke7 18. g3 Bb4 19. Rxd8 Rxd8 20. Na2 Bc5
21. f3 c6 22. b4 Ba7 23. Nd2 g5 24. Nc4 g4 25. Rb3 gxf3+ 26. Kxf3 Rd4 27. Na5
Nxe4 28. Rb2 Nd6 29. Rc2 Bb6 30. Nxb7 Nxb7 31. Rxc6 Rd6 32. Rc3 Kd7 33. Kg4 Rd2
34. Nc1 Rxh2 35. Nd3 Rd2 36. Ne5+ Ke7 37. Rc4 Nd8 38. Kh3 Rd4 39. Rc8 Rd5 40.
Nc6+ Nxc6 41. Rxc6 Rd6 42. Rc8 Be3 43. b5 axb5 44. axb5 Rb6 45. Rc3 Bd4 46. Rb3
e5 47. Kg4 Kf6 48. Kf3 Ke6 49. Ke4 f5+ 50. Kf3 Kd5 51. Rb1 Kc5 52. Rh1 Rb7 53.
Rh5 Rf7 54. b6 Kxb6 55. Rh6+ Kc5 56. Ra6 Kd5 57. Ra5+ Ke6 58. Ra6+ Ke7 59. Rh6
Kf8 60. Rh4 Kg7 61. Ke2 Kg6 62. Kd3 h5 63. Ke2 Rb7 64. Rh1 Rb3 0-1

[Event "Madrid-ch Previa B"]
[Site "Madrid ESP"]
[Date "2014.02.07"]
[Round "2.5"]
[White "Fernandez Rios, Jose Francisco"]
[Black "Soto Martin, Pablo"]
[Result "1/2-1/2"]
[WhiteElo "1649"]
[BlackElo "1811"]
[PlyCount "78"]
[EventDate "2014.02.06"]
[EventType "swiss"]
[EventRounds "9"]
[EventCountry "ESP"]
[Source "lmi"]
[SourceDate "2014.02.06"]

1. d4 Nf6 2. c4 g6 3. Nc3 Bg7 4. e4 d6 5. Be2 O-O 6. Nf3 e5 7. d5 a5 8. Bg5 h6
9. Bh4 Na6 10. O-O Qe8 11. b3 Nh7 12. Nd2 h5 13. f3 Bh6 14. Bf2 Qe7 15. Re1 Bf4
16. Nf1 Qg5 17. h4 Qf6 18. g3 Bh6 19. Be3 Bxe3+ 20. Nxe3 g5 21. hxg5 Qxg5 22.
Kf2 h4 23. g4 Qf4 24. Rh1 Qg3+ 25. Kf1 h3 26. Qe1 Qf4 27. Kf2 Ng5 28. Qg1 Kg7
29. Qg3 Qxg3+ 30. Kxg3 Kg6 31. Bf1 Rh8 32. Bxh3 Bd7 33. Bg2 f6 34. Rxh8 Rxh8
35. Rh1 Rxh1 36. Bxh1 c6 37. Bg2 Nc5 38. Bf1 Kg7 39. Be2 Kh6 1/2-1/2

[Event "Madrid-ch Previa B"]
[Site "Madrid ESP"]
[Date "2014.02.07"]
[Round "2.6"]
[White "Morona Minguez, Miguel"]
[Black "Ballesteros Galvez, Daniel"]
[Result "0-1"]
[WhiteElo "1622"]
[BlackElo "1789"]
[PlyCount "86"]
[EventDate "2014.02.06"]
[EventType "swiss"]
[EventRounds "9"]
[EventCountry "ESP"]
[Source "lmi"]
[SourceDate "2014.02.06"]

1. c4 e5 2. e3 Nf6 3. Nc3 c6 4. d3 d5 5. Nf3 Bg4 6. Be2 Nbd7 7. O-O Be7 8. b3
O-O 9. Bb2 Bd6 10. Rc1 Bc7 11. cxd5 Nxd5 12. Ne4 f5 13. Ned2 N5f6 14. Nc4 Re8
15. h3 Bh5 16. d4 Bxf3 17. Bxf3 e4 18. Be2 Nd5 19. g3 Qg5 20. h4 Qf6 21. Nd2 g5
22. h5 g4 23. Bc4 N7b6 24. Kg2 h6 25. Qe2 Qg5 26. Rh1 Kh7 27. Rh4 Rg8 28. Rch1
Rg7 29. a4 a5 30. Bxd5 Nxd5 31. Ba3 Rf7 32. Nc4 Rf6 33. Rc1 Rg8 34. Ne5 Bxe5
35. dxe5 Re6 36. Rch1 Rxe5 37. Bd6 Re6 38. Bf4 Qe7 39. Rd1 Nc3 40. Qc2 Nxd1 41.
Qxd1 Rd8 42. Qc2 Qb4 43. Rh1 Rd2 0-1

[Event "Madrid-ch Previa B"]
[Site "Madrid ESP"]
[Date "2014.02.07"]
[Round "2.7"]
[White "Fernandez Rodriguez, Fernando J"]
[Black "Moro Serrano, Federico"]
[Result "1/2-1/2"]
[WhiteElo "1782"]
[BlackElo "1543"]
[PlyCount "70"]
[EventDate "2014.02.06"]
[EventType "swiss"]
[EventRounds "9"]
[EventCountry "ESP"]
[Source "lmi"]
[SourceDate "2014.02.06"]

1. Nf3 Nf6 2. b3 d5 3. c4 d4 4. Bb2 c5 5. b4 b6 6. e3 d3 7. Ne5 Bf5 8. Qa4+ Bd7
9. Nxd7 Nbxd7 10. Bxd3 cxb4 11. Be2 e6 12. d4 Bd6 13. a3 a5 14. axb4 Bxb4+ 15.
Bc3 O-O 16. Bf3 Bxc3+ 17. Nxc3 Rc8 18. O-O e5 19. Nb5 Qe7 20. Rab1 Ne8 21. Na7
Rc7 22. Nc6 Qf6 23. dxe5 Nxe5 24. Nxe5 Qxe5 25. Rxb6 Nd6 26. Bd5 Rfc8 27. Rc6
Qe8 28. c5 Rxc6 29. Bxc6 Qxc6 30. Qxc6 Rxc6 31. cxd6 Rxd6 32. Ra1 Ra6 33. Kf1
Kf8 34. Ke2 Ke7 35. Kd3 Kd6 1/2-1/2

[Event "Madrid-ch Previa B"]
[Site "Madrid ESP"]
[Date "2014.02.07"]
[Round "2.9"]
[White "Lianes Garcia, Marcos"]
[Black "Jimenez Manzano, Emiliano"]
[Result "1-0"]
[WhiteElo "1837"]
[BlackElo "1481"]
[PlyCount "81"]
[EventDate "2014.02.06"]
[EventType "swiss"]
[EventRounds "9"]
[EventCountry "ESP"]
[Source "lmi"]
[SourceDate "2014.02.06"]

1. e4 e5 2. Nf3 d6 3. d4 exd4 4. Nxd4 Nf6 5. Nc3 Bg4 6. f3 Bd7 7. Be3 a6 8. Qd2
Nc6 9. Bc4 Nxd4 10. Bxd4 Be7 11. O-O Be6 12. Be2 h6 13. f4 c5 14. Be3 Qc7 15.
Bf3 h5 16. Rad1 Ng4 17. h3 Nxe3 18. Qxe3 g6 19. Rfe1 O-O-O 20. Nd5 Bxd5 21.
Rxd5 Rhe8 22. Qc3 Kb8 23. Red1 Bf8 24. Kh1 Bh6 25. Qd2 Re6 26. e5 Bf8 27. Qd3
c4 28. Qd4 b5 29. a4 b4 30. Rc5 Qxc5 31. Qxc5 dxc5 32. Rxd8+ Kc7 33. Rxf8 Re7
34. Ra8 Kb6 35. Rd8 Rc7 36. Bd5 c3 37. b3 a5 38. Rd6+ Ka7 39. Rf6 Rd7 40. Rxf7
Rxf7 41. Bxf7 1-0

[Event "Madrid-ch Previa B"]
[Site "Madrid ESP"]
[Date "2014.02.07"]
[Round "2.10"]
[White "Rottenwohrer Suarez, Juan"]
[Black "Garcia Serrano, Jose M. Ii"]
[Result "0-1"]
[WhiteElo "1456"]
[BlackElo "1835"]
[PlyCount "46"]
[EventDate "2014.02.06"]
[EventType "swiss"]
[EventRounds "9"]
[EventCountry "ESP"]
[Source "lmi"]
[SourceDate "2014.02.06"]

1. d4 d5 2. c4 Nc6 3. cxd5 Qxd5 4. e3 e5 5. Nc3 Bb4 6. Bd2 Bxc3 7. bxc3 Nf6 8.
Qb3 Qxb3 9. axb3 a6 10. Bb5 Bd7 11. Nf3 exd4 12. cxd4 O-O-O 13. Bc4 Be8 14. b4
b5 15. Bd3 Kb7 16. Ke2 Nd5 17. Rhb1 f6 18. Rb2 Bg6 19. e4 Rhe8 20. Be3 Bxe4 21.
Raa2 Nc3+ 22. Kd2 Nxa2 23. Rxa2 Bxd3 0-1

[Event "Madrid-ch Previa B"]
[Site "Madrid ESP"]
[Date "2014.02.07"]
[Round "2.11"]
[White "Merino Araguas, Jose Javier"]
[Black "Aguilera Lopez, Alejandro"]
[Result "1/2-1/2"]
[WhiteElo "1813"]
[BlackElo "1612"]
[PlyCount "106"]
[EventDate "2014.02.06"]
[EventType "swiss"]
[EventRounds "9"]
[EventCountry "ESP"]
[Source "lmi"]
[SourceDate "2014.02.06"]

1. d4 d5 2. Nf3 Nf6 3. c4 c6 4. cxd5 cxd5 5. Nc3 e6 6. Bg5 Be7 7. e3 Nc6 8. Rc1
Bd7 9. Bd3 h6 10. Bh4 O-O 11. O-O Rc8 12. Qe2 Qb6 13. Ne5 Rfd8 14. f4 Nb4 15.
Bb1 Qd6 16. a3 Na6 17. Qd3 Kf8 18. h3 Ne8 19. Bxe7+ Kxe7 20. Qh7 Rc7 21. Qg8
Rdc8 22. Qxf7+ Kd8 23. Qg8 Ke7 24. Bg6 Qb6 25. Bxe8 Rxe8 26. Qxg7+ Kd8 27. Qf6+
Kc8 28. b4 Qd6 29. Nxd7 Qxd7 30. Ne2 Qb5 31. Rxc7+ Nxc7 32. Kf2 Qd7 33. Rc1 Kb8
34. Qe5 b6 35. b5 Kb7 36. a4 Rg8 37. g3 Rf8 38. Rc6 Rd8 39. Ng1 Qe7 40. Nf3 Rd7
41. Qh8 Qb4 42. g4 Qxa4 43. Ne5 Qxb5 44. Nxd7 Qxc6 45. Qb8+ Ka6 46. Qc8+ Kb5
47. Ne5 Qc2+ 48. Kg3 Qc1 49. Qd7+ Ka6 50. Qa4+ Kb7 51. Qb3 Qe1+ 52. Kg2 Qe2+
53. Kg3 Qe1+ 1/2-1/2

[Event "Madrid-ch Previa B"]
[Site "Madrid ESP"]
[Date "2014.02.07"]
[Round "2.12"]
[White "Enfedaque Jimenez, Juan Carlos"]
[Black "Ruiz Bazaga, Miriam"]
[Result "1-0"]
[WhiteElo "1745"]
[BlackElo "1588"]
[PlyCount "81"]
[EventDate "2014.02.06"]
[EventType "swiss"]
[EventRounds "9"]
[EventCountry "ESP"]
[Source "lmi"]
[SourceDate "2014.02.06"]

1. e4 e5 2. Nf3 Nc6 3. Bb5 Nf6 4. d3 a6 5. Bxc6 dxc6 6. Nxe5 Bc5 7. O-O O-O 8.
c3 Bd6 9. Nf3 Bg4 10. Re1 Re8 11. Nbd2 Bf4 12. Nf1 Qd6 13. Bxf4 Qxf4 14. Qd2
Qxd2 15. N3xd2 Rad8 16. d4 b5 17. f3 Bc8 18. b4 Re7 19. Nb3 Rde8 20. a4 Nd5 21.
Rec1 Nb6 22. axb5 cxb5 23. Nc5 Rd8 24. Nd2 f6 25. Nxa6 Bxa6 26. Rxa6 Na4 27.
Nb3 Rc8 28. Nc5 Nb6 29. Kf2 Ree8 30. Rca1 Rb8 31. Ra7 Rbc8 32. d5 Nc4 33. Ne6
Re7 34. R1a6 Rd7 35. Rc6 Kf7 36. Rcxc7 Rdxc7 37. Rxc7+ Rxc7 38. Nxc7 Nd6 39.
Ke3 Ke7 40. Kd4 g6 41. Kc5 1-0

[Event "Madrid-ch Previa B"]
[Site "Madrid ESP"]
[Date "2014.02.07"]
[Round "2.13"]
[White "Melcon Diez, Enrique"]
[Black "Hernandez Del Can, Jose"]
[Result "1/2-1/2"]
[WhiteElo "1606"]
[BlackElo "1717"]
[PlyCount "64"]
[EventDate "2014.02.06"]
[EventType "swiss"]
[EventRounds "9"]
[EventCountry "ESP"]
[Source "lmi"]
[SourceDate "2014.02.06"]

1. c4 Nf6 2. Nc3 g6 3. e4 d6 4. d4 Bg7 5. f4 O-O 6. Nf3 Bg4 7. Be2 Nbd7 8. O-O
c5 9. d5 Nb6 10. Nd2 Bxe2 11. Qxe2 Re8 12. e5 Nfd7 13. e6 Nf8 14. exf7+ Kxf7
15. f5 Kg8 16. fxg6 Nxg6 17. Qe6+ Kh8 18. Nce4 Qd7 19. Ng5 Qxe6 20. Nxe6 Rac8
21. Rb1 Nf8 22. Nxg7 Kxg7 23. b3 Ng6 24. Bb2+ Kg8 25. Ne4 Rf8 26. Ng5 Rxf1+ 27.
Rxf1 Rf8 28. Ne6 Rxf1+ 29. Kxf1 Nd7 30. Ke2 b6 31. a3 a5 32. a4 Ngf8 1/2-1/2

[Event "Madrid-ch Previa B"]
[Site "Madrid ESP"]
[Date "2014.02.07"]
[Round "2.14"]
[White "Marcos Herrero, Francisco"]
[Black "Lopez Ziegler, Juan Jose"]
[Result "1-0"]
[WhiteElo "1930"]
[BlackElo "1512"]
[PlyCount "59"]
[EventDate "2014.02.06"]
[EventType "swiss"]
[EventRounds "9"]
[EventCountry "ESP"]
[Source "lmi"]
[SourceDate "2014.02.06"]

1. d4 Nf6 2. c4 e6 3. g3 Bb4+ 4. Bd2 Qe7 5. Bg2 Nc6 6. Nf3 Bxd2+ 7. Nbxd2 O-O
8. e4 d6 9. O-O e5 10. d5 Nb8 11. b4 a5 12. a3 Na6 13. Qb3 Bd7 14. Ne1 axb4 15.
axb4 c5 16. dxc6 Bxc6 17. Nd3 b5 18. Ra5 Qb7 19. Rfa1 Rfc8 20. Bh3 Rd8 21. Bg2
Nc7 22. c5 dxc5 23. Rxa8 Rxa8 24. Rxa8+ Qxa8 25. Nxc5 Qa1+ 26. Qb1 Qd4 27. Nf3
Qc4 28. Nxe5 Bxe4 29. Nxe4 Qd4 30. Nxf6+ 1-0

[Event "Madrid-ch Previa B"]
[Site "Madrid ESP"]
[Date "2014.02.07"]
[Round "2.15"]
[White "Estebanez Cuesta, Alfredo"]
[Black "Alonso Herrero, Ignacio"]
[Result "0-1"]
[WhiteElo "1578"]
[BlackElo "1777"]
[PlyCount "34"]
[EventDate "2014.02.06"]
[EventType "swiss"]
[EventRounds "9"]
[EventCountry "ESP"]
[Source "lmi"]
[SourceDate "2014.02.06"]

1. c4 b6 2. Nf3 Bb7 3. g3 e5 4. d3 Nf6 5. Bg2 Bb4+ 6. Nbd2 O-O 7. O-O Re8 8. a3
Bf8 9. b3 e4 10. Ng5 exd3 11. Bxb7 dxe2 12. Qc2 exf1=Q+ 13. Kxf1 Nc6 14. Bb2 g6
15. Bxa8 Qxa8 16. Bxf6 Nd4 17. Bxd4 Qh1# 0-1

[Event "Madrid-ch Previa B"]
[Site "Madrid ESP"]
[Date "2014.02.07"]
[Round "2.16"]
[White "Santos Valdivia, Victor Manuel"]
[Black "Sebastian Enesco, Alex"]
[Result "0-1"]
[WhiteElo "1512"]
[BlackElo "1761"]
[PlyCount "74"]
[EventDate "2014.02.06"]
[EventType "swiss"]
[EventRounds "9"]
[EventCountry "ESP"]
[Source "lmi"]
[SourceDate "2014.02.06"]

1. e4 Nf6 2. Nc3 d5 3. exd5 Nxd5 4. Nxd5 Qxd5 5. Nf3 Nc6 6. c3 Bg4 7. Be2 e5 8.
h3 Bxf3 9. Bxf3 e4 10. Qe2 f5 11. d3 Qxd3 12. Qxd3 exd3 13. Bxc6+ bxc6 14. Bd2
O-O-O 15. O-O-O Bc5 16. Rhf1 Rhe8 17. Rde1 Kd7 18. Rxe8 Rxe8 19. b4 Bb6 20. Be3
Bxe3+ 21. fxe3 Rxe3 22. Rf2 g6 23. Kd2 Rg3 24. a4 Kd6 25. c4 a6 26. Kc3 Ke5 27.
Rf3 Rxg2 28. Kxd3 f4 29. b5 cxb5 30. cxb5 Ra2 31. bxa6 Rxa4 32. Rf2 Rxa6 33.
Re2+ Kf6 34. h4 h6 35. Kd4 Ra4+ 36. Kd5 Kf5 37. Re5+ Kg4 0-1

[Event "Madrid-ch Previa B"]
[Site "Madrid ESP"]
[Date "2014.02.07"]
[Round "2.17"]
[White "Lacaci Otero, Ivan"]
[Black "Martinez Carrasco, Jesus"]
[Result "0-1"]
[WhiteElo "1728"]
[BlackElo "1586"]
[PlyCount "76"]
[EventDate "2014.02.06"]
[EventType "swiss"]
[EventRounds "9"]
[EventCountry "ESP"]
[Source "lmi"]
[SourceDate "2014.02.06"]

1. e4 c5 2. Nf3 d6 3. d4 cxd4 4. Nxd4 Nf6 5. Nc3 Nc6 6. Bb5 Bd7 7. Be3 a6 8.
Ba4 e6 9. f3 Be7 10. Qd2 O-O 11. O-O-O Qc7 12. Nxc6 Bxc6 13. g4 b5 14. Bb3 b4
15. Na4 Rab8 16. h4 Qa5 17. Bb6 Rxb6 18. Nxb6 Qxb6 19. h5 h6 20. Rdg1 Nxe4 21.
Qh2 Nf2 22. g5 Qe3+ 23. Kb1 Bxg5 24. Rxg5 Nxh1 25. Rg1 Bxf3 26. a3 bxa3 27.
bxa3 d5 28. Ka2 Be4 29. Rg4 Nf2 30. Rg1 Rc8 31. Qe5 Qc3 32. Rxg7+ Kf8 33. Rxf7+
Kxf7 34. Qf4+ Qf6 35. Qd6 Re8 36. c4 Nd3 37. Qc7+ Re7 38. Qxe7+ Kxe7 0-1

[Event "Madrid-ch Previa B"]
[Site "Madrid ESP"]
[Date "2014.02.07"]
[Round "2.18"]
[White "Soto Martin, Miguel"]
[Black "Barria Arbunic, Manuel"]
[Result "1/2-1/2"]
[WhiteElo "1645"]
[BlackElo "1577"]
[PlyCount "94"]
[EventDate "2014.02.06"]
[EventType "swiss"]
[EventRounds "9"]
[EventCountry "ESP"]
[Source "lmi"]
[SourceDate "2014.02.06"]

1. d4 Nf6 2. Nf3 e6 3. c4 c5 4. Nc3 g6 5. Bg5 Bg7 6. e4 cxd4 7. Nxd4 h6 8. Bh4
Qc7 9. Bg3 Qd8 10. Ndb5 Na6 11. Nd6+ Kf8 12. Qf3 Qe7 13. Ncb5 Kg8 14. Nxa7 Rxa7
15. Nxc8 Qb4+ 16. Qc3 Qxc3+ 17. bxc3 Nxe4 18. Rc1 Ra8 19. Nb6 Nxg3 20. hxg3 Rd8
21. Be2 Nc5 22. O-O Ne4 23. Na4 Ra8 24. Bd1 Rc8 25. Bf3 Nd2 26. Rfd1 Nxf3+ 27.
gxf3 Rxc4 28. Nb6 Rxc3 29. Rxc3 Bxc3 30. Rxd7 Kg7 31. Rxb7 Rd8 32. Rd7 Rxd7 33.
Nxd7 f5 34. Nc5 Kf7 35. Kg2 Ke7 36. Nd3 Kd6 37. g4 Bd2 38. Kg3 e5 39. gxf5 gxf5
40. f4 exf4+ 41. Nxf4 Kc5 42. Ng2 Kb4 43. Ne3 Kc3 44. Kf3 h5 45. Kg3 Be1 46.
Kf3 Kb2 47. Nxf5 Kxa2 1/2-1/2

[Event "Madrid-ch Previa B"]
[Site "Madrid ESP"]
[Date "2014.02.07"]
[Round "2.19"]
[White "Santos Burkholz, Mario"]
[Black "Rottenwoerer, Christoph"]
[Result "0-1"]
[WhiteElo "1424"]
[BlackElo "1643"]
[PlyCount "99"]
[EventDate "2014.02.06"]
[EventType "swiss"]
[EventRounds "9"]
[EventCountry "ESP"]
[Source "lmi"]
[SourceDate "2014.02.06"]

1. e4 c5 2. Nf3 g6 3. d4 cxd4 4. Nxd4 Bg7 5. Nc3 Nc6 6. Nf3 Nf6 7. Bc4 O-O 8.
O-O d6 9. Bf4 Na5 10. Bb3 Nxb3 11. axb3 Bg4 12. Qe2 Nd7 13. h3 Bxf3 14. Qxf3
Nb6 15. Rad1 Qc7 16. Rfe1 Rfe8 17. Qe3 Qc6 18. f3 Rac8 19. Rd3 Qc5 20. Qxc5
Rxc5 21. Be3 Rc6 22. Bd4 Bxd4+ 23. Rxd4 Rc5 24. f4 f6 25. Re2 Rec8 26. g3 Kf7
27. Rdd2 R8c7 28. b4 Rc4 29. Nb5 Rd7 30. c3 a6 31. Nd4 Rc8 32. Kf2 Nc4 33. Rd3
Rcd8 34. b3 Nb6 35. c4 Na8 36. Red2 Nc7 37. Kf3 e5 38. Ne2 Ke7 39. Nc3 Ne6 40.
Nd5+ Kf7 41. Nb6 Rc7 42. Nd5 Rc6 43. Ne3 Nd4+ 44. Kf2 b5 45. cxb5 axb5 46. Nd5
Rc2 47. Rxc2 Nxc2 48. Rd2 Nd4 49. Rb2 Rc8 50. h4 0-1

[Event "Madrid-ch Previa B"]
[Site "Madrid ESP"]
[Date "2014.02.07"]
[Round "2.20"]
[White "Barragan Panal, Juan Jose"]
[Black "Reyes Penas, Sebastian"]
[Result "0-1"]
[WhiteElo "1630"]
[BlackElo "1383"]
[PlyCount "98"]
[EventDate "2014.02.06"]
[EventType "swiss"]
[EventRounds "9"]
[EventCountry "ESP"]
[Source "lmi"]
[SourceDate "2014.02.06"]

1. Nf3 f5 2. c4 Nf6 3. g3 d6 4. d4 g6 5. Bg2 Nc6 6. O-O Bg7 7. a3 O-O 8. b4 e5
9. b5 Nxd4 10. Nxd4 exd4 11. Bb2 Be6 12. Qc2 Rb8 13. Bxd4 Ne4 14. Bxg7 Kxg7 15.
Nd2 Nxd2 16. Qxd2 Qf6 17. Rfc1 Bxc4 18. Qc3 Qxc3 19. Rxc3 Bxe2 20. Rxc7+ Rf7
21. Rxf7+ Kxf7 22. Bd5+ Kf6 23. Re1 Bxb5 24. Re6+ Kf7 25. Rxd6+ Ke7 26. Re6+
Kd7 27. Rf6 b6 28. Rf7+ Kd6 29. Bf3 Rc8 30. Rxa7 Rc1+ 31. Bd1 Rxd1+ 32. Kg2
Bf1+ 33. Kf3 Rd3+ 34. Kf4 h6 35. Rg7 Rd4+ 36. Ke3 Re4+ 37. Kd2 Re6 38. f4 Bb5
39. h3 Bf1 40. h4 Kc5 41. Rc7+ Rc6 42. Re7 b5 43. Re5+ Kb6 44. Re3 Ka5 45. Ke1
Bc4 46. Kd2 Ka4 47. Kc3 Bb3+ 48. Kb2 Rc2+ 49. Kb1 Rg2 0-1

[Event "Madrid-ch Previa B"]
[Site "Madrid ESP"]
[Date "2014.02.07"]
[Round "2.21"]
[White "Castro Uceda, Jose Antonio"]
[Black "Barragan Arriaza, Pablo"]
[Result "1-0"]
[WhiteElo "1620"]
[BlackElo "1361"]
[PlyCount "99"]
[EventDate "2014.02.06"]
[EventType "swiss"]
[EventRounds "9"]
[EventCountry "ESP"]
[Source "lmi"]
[SourceDate "2014.02.06"]

1. d4 d5 2. c4 c6 3. e3 Nf6 4. Nc3 e6 5. Nf3 Nbd7 6. Bd3 Bd6 7. O-O O-O 8. e4
dxe4 9. Nxe4 Nxe4 10. Bxe4 Nf6 11. Bc2 Qc7 12. Qd3 Bf4 13. Re1 Bxc1 14. Raxc1
h6 15. Ne5 Rd8 16. b4 Qd6 17. Qb3 b6 18. Rcd1 Bb7 19. c5 Qd5 20. Qb2 bxc5 21.
dxc5 Qxd1 22. Rxd1 Rxd1+ 23. Bxd1 Rd8 24. Bb3 Ne8 25. h3 Nc7 26. Qe2 Nd5 27.
Qf3 f6 28. Nd3 Ba6 29. Bc2 Bxd3 30. Qxd3 Rb8 31. Qh7+ Kf7 32. Bg6+ Ke7 33.
Qxg7+ Kd8 34. Qf8+ Kc7 35. Qd6+ Kb7 36. Qd7+ Nc7 37. Be4 Rc8 38. Bxc6+ Kb8 39.
Bf3 Nd5 40. Bxd5 exd5 41. Qxd5 a6 42. Qd6+ Kb7 43. Qxf6 Rc6 44. Qe5 Kc8 45. f4
Kd7 46. f5 Rc8 47. Qg7+ Kc6 48. Qxh6+ Kb5 49. a3 Ka4 50. Qxa6+ 1-0

[Event "Madrid-ch Previa B"]
[Site "Madrid ESP"]
[Date "2014.02.08"]
[Round "3.1"]
[White "Lopez Ziegler, Carlos"]
[Black "Munoz Cebey, Ricardo"]
[Result "1/2-1/2"]
[WhiteElo "1944"]
[BlackElo "1878"]
[PlyCount "44"]
[EventDate "2014.02.06"]
[EventType "swiss"]
[EventRounds "9"]
[EventCountry "ESP"]
[Source "lmi"]
[SourceDate "2014.02.06"]

1. e4 c6 2. d4 d5 3. exd5 cxd5 4. c4 Nf6 5. Nc3 e6 6. c5 Be7 7. Nf3 O-O 8. Qc2
b6 9. b4 a5 10. Na4 Nbd7 11. b5 bxc5 12. dxc5 Qc7 13. Ba3 Ne5 14. Be2 Nxf3+ 15.
gxf3 e5 16. Nb6 Rb8 17. Nxc8 Rfxc8 18. Rc1 Nd7 19. b6 Nxb6 20. Ba6 Nc4 21. Bxc4
dxc4 22. Qxc4 Qc6 1/2-1/2

[Event "Madrid-ch Previa B"]
[Site "Madrid ESP"]
[Date "2014.02.08"]
[Round "3.2"]
[White "Ballesteros Galvez, Daniel"]
[Black "Tirado Parra, Alberto"]
[Result "1-0"]
[WhiteElo "1789"]
[BlackElo "1939"]
[PlyCount "65"]
[EventDate "2014.02.06"]
[EventType "swiss"]
[EventRounds "9"]
[EventCountry "ESP"]
[Source "lmi"]
[SourceDate "2014.02.06"]

1. e4 e5 2. Nf3 Nc6 3. Nc3 Nf6 4. Bb5 Nd4 5. Nxd4 exd4 6. e5 dxc3 7. exf6 Qxf6
8. dxc3 Qe5+ 9. Qe2 Qxe2+ 10. Bxe2 Bc5 11. Bf4 d6 12. O-O O-O 13. Rfe1 Be6 14.
Bf3 Rab8 15. b4 Bb6 16. a3 Rfe8 17. Be4 d5 18. Bd3 Rbd8 19. a4 a6 20. a5 Ba7
21. Bxc7 Rc8 22. Be5 f6 23. Bd4 Bb8 24. Re2 Bd7 25. Rae1 Rxe2 26. Rxe2 Bd6 27.
f3 Kf7 28. g3 h5 29. h4 Bxg3 30. Rg2 Be5 31. Bxe5 fxe5 32. Rg5 Re8 33. Bg6+ 1-0

[Event "Madrid-ch Previa B"]
[Site "Madrid ESP"]
[Date "2014.02.08"]
[Round "3.3"]
[White "Ruiz Sanchez, Roberto"]
[Black "Yeves Miquel, Enrique"]
[Result "1-0"]
[WhiteElo "1935"]
[BlackElo "1742"]
[PlyCount "63"]
[EventDate "2014.02.06"]
[EventType "swiss"]
[EventRounds "9"]
[EventCountry "ESP"]
[Source "lmi"]
[SourceDate "2014.02.06"]

1. e4 c5 2. Nf3 e6 3. d4 cxd4 4. Nxd4 Nc6 5. Nc3 Qc7 6. Be2 a6 7. O-O Nf6 8.
Be3 b5 9. Nxc6 dxc6 10. f4 Be7 11. e5 Nd5 12. Nxd5 cxd5 13. Bd3 Bc5 14. Bxc5
Qxc5+ 15. Kh1 g6 16. Qg4 h5 17. Qe2 Bb7 18. Rf3 Kd7 19. c3 Rhc8 20. Rd1 b4 21.
cxb4 Qxb4 22. Bxg6 fxg6 23. Rb3 Qa5 24. Rxb7+ Rc7 25. Rxc7+ Qxc7 26. Qd3 Rc8
27. Qxg6 Qc1 28. Qf7+ Kd8 29. Qf8+ Kd7 30. Qd6+ Ke8 31. Qxe6+ Kf8 32. Qd6+ 1-0

[Event "Madrid-ch Previa B"]
[Site "Madrid ESP"]
[Date "2014.02.08"]
[Round "3.4"]
[White "Moro Serrano, Federico"]
[Black "Lianes Garcia, Marcos"]
[Result "0-1"]
[WhiteElo "1543"]
[BlackElo "1837"]
[PlyCount "62"]
[EventDate "2014.02.06"]
[EventType "swiss"]
[EventRounds "9"]
[EventCountry "ESP"]
[Source "lmi"]
[SourceDate "2014.02.06"]

1. c4 Nf6 2. Nc3 g6 3. g3 Bg7 4. Bg2 c5 5. Nf3 Nc6 6. O-O d6 7. d4 cxd4 8. Nxd4
Bd7 9. Rb1 Qc8 10. Re1 O-O 11. e3 Bh3 12. Bh1 Re8 13. b4 Nxd4 14. Qxd4 Ng4 15.
Qd3 Ne5 16. Qc2 Qxc4 17. Bxb7 Rab8 18. Bd5 Qg4 19. Qd1 e6 20. Bg2 Bxg2 21. Kxg2
Qc4 22. Qb3 Qc6+ 23. e4 Nd3 24. Bd2 Rxb4 25. Qa3 Nxe1+ 26. Rxe1 Rc4 27. Re3 Rc8
28. Ne2 Rxe4 29. Rxe4 Qxe4+ 30. Kf1 Qh1+ 31. Ng1 Qd5 0-1

[Event "Madrid-ch Previa B"]
[Site "Madrid ESP"]
[Date "2014.02.08"]
[Round "3.5"]
[White "Garcia Serrano, Jose M. Ii"]
[Black "Fernandez Rodriguez, Fernando J"]
[Result "1/2-1/2"]
[WhiteElo "1835"]
[BlackElo "1782"]
[PlyCount "42"]
[EventDate "2014.02.06"]
[EventType "swiss"]
[EventRounds "9"]
[EventCountry "ESP"]
[Source "lmi"]
[SourceDate "2014.02.06"]

1. e4 e6 2. d4 d5 3. Nc3 Nf6 4. Bg5 Be7 5. e5 Nfd7 6. h4 h6 7. Bxe7 Qxe7 8. Qg4
O-O 9. Nf3 f5 10. Qg6 Qf7 11. Qxf7+ Rxf7 12. Nb5 Nb6 13. Be2 a6 14. Na3 Na4 15.
O-O-O b5 16. c3 Nd7 17. Nc2 c5 18. dxc5 Ndxc5 19. Nfd4 Rc7 20. g4 Ne4 21. Rh2
f4 1/2-1/2

[Event "Madrid-ch Previa B"]
[Site "Madrid ESP"]
[Date "2014.02.08"]
[Round "3.6"]
[White "Soto Martin, Pablo"]
[Black "Enfedaque Jimenez, Juan Carlos"]
[Result "1-0"]
[WhiteElo "1811"]
[BlackElo "1745"]
[PlyCount "55"]
[EventDate "2014.02.06"]
[EventType "swiss"]
[EventRounds "9"]
[EventCountry "ESP"]
[Source "lmi"]
[SourceDate "2014.02.06"]

1. e4 e6 2. d4 d5 3. Nc3 Bb4 4. e5 c5 5. a3 Bxc3+ 6. bxc3 Qc7 7. Qg4 f5 8. Qg3
cxd4 9. cxd4 Nc6 10. Nf3 Nge7 11. Bd3 Nxd4 12. O-O Nxf3+ 13. gxf3 O-O 14. Bg5
Ng6 15. f4 Qf7 16. Kh1 h6 17. Bh4 Nxh4 18. Qxh4 Bd7 19. Rg1 Bc6 20. f3 d4 21.
Qf2 Qh5 22. Be2 Rfd8 23. Rg3 Rac8 24. Rag1 Rc7 25. Qg2 Rdd7 26. Rh3 Qf7 27.
Rxh6 Ba4 28. Qh3 1-0

[Event "Madrid-ch Previa B"]
[Site "Madrid ESP"]
[Date "2014.02.08"]
[Round "3.7"]
[White "Martinez Rubio, Felipe"]
[Black "Fernandez Rios, Jose Francisco"]
[Result "1-0"]
[WhiteElo "1805"]
[BlackElo "1649"]
[PlyCount "139"]
[EventDate "2014.02.06"]
[EventType "swiss"]
[EventRounds "9"]
[EventCountry "ESP"]
[Source "lmi"]
[SourceDate "2014.02.06"]

1. d4 Nf6 2. Bg5 Ne4 3. Bf4 d5 4. Nd2 Nxd2 5. Qxd2 e6 6. Nf3 c5 7. e3 c4 8. c3
Bd6 9. Bg5 Qc7 10. Bh4 Nc6 11. Qc2 b5 12. Bg3 b4 13. Bxd6 Qxd6 14. e4 bxc3 15.
bxc3 Rb8 16. Nd2 Bd7 17. Be2 O-O 18. O-O Rb6 19. Rfb1 Rfb8 20. Rxb6 Rxb6 21.
Bxc4 dxc4 22. Nxc4 Qc7 23. Nxb6 axb6 24. Rb1 Na5 25. Rb4 b5 26. Qd3 g6 27. h3
Qf4 28. Rb1 Bc6 29. Re1 Qd6 30. Qc2 Kg7 31. f3 Nc4 32. Kf2 h5 33. Qc1 Qe7 34.
Kg1 Qa7 35. Re2 Qa5 36. Qc2 Qa7 37. Kh1 Kh7 38. Qb3 Qe7 39. Qc2 Qa3 40. Kh2
Qd6+ 41. Kg1 Kg7 42. Qb3 Kf8 43. Qb4 Ke7 44. d5 Qxb4 45. cxb4 Bd7 46. dxe6 Bxe6
47. Kf2 Nb6 48. Ke3 Bc4 49. Rc2 Kd6 50. Kd4 f6 51. h4 Ke6 52. f4 Kd6 53. g3 Na4
54. Rg2 Nb6 55. a3 Be6 56. Rd2 Nc4 57. Rd3 Nb2 58. Rc3 Nc4 59. a4 bxa4 60. Rxc4
Bxc4 61. Kxc4 Kc6 62. b5+ Kb6 63. Kb4 a3 64. Kxa3 Kxb5 65. Kb3 Kc5 66. Kc3 Kd6
67. Kd4 Ke6 68. Kc5 Ke7 69. Kd5 Kd7 70. e5 1-0